Discursos históricos, de la muy noble y muy leal ciudad de Murcia y su reino / (Record no. 41090)

MARC details
000 -LEADER
campo de control de longitud fija 00648nam a2200193 i 4500
001 - NÚMERO DE CONTROL
campo de control 41090
003 - IDENTIFICADOR DE NÚMERO DE CONTROL
campo de control ES-MaACL
005 - FECHA Y HORA DE LA ÚLTIMA TRANSACCIÓN
campo de control 20230906160355.0
007 - CAMPO FIJO DE DESCRIPCIÓN FÍSICA--INFORMACIÓN GENERAL
campo de control de longitud fija t|
008 - DATOS DE LONGITUD FIJA--INFORMACIÓN GENERAL
campo de control de longitud fija 030307s1874 sp ||||1| spa d
100 1# - ENTRADA PRINCIPAL--NOMBRE DE PERSONA
Nombre de persona Cascales, Francisco.
9 (RLIN) 36268
245 10 - MENCIÓN DEL TÍTULO
Título Discursos históricos, de la muy noble y muy leal ciudad de Murcia y su reino /
Mención de responsabilidad, etc. el licenciado Francisco Cascales ; publicada por Miguel Gómez y Olmos.
250 ## - MENCION DE EDICION
Mención de edición 3ª ed.
260 ## - PUBLICACIÓN, DISTRIBUCIÓN, ETC.
Lugar de publicación, distribución, etc. Murcia :
Nombre del editor, distribuidor, etc. Miguel Gómez y Olmos,
Fecha de publicación, distribución, etc. 1874.
300 ## - DESCRIPCIÓN FÍSICA
Extensión XXIV, 566 p. ;
Dimensiones 32 cm.
651 #4 - PUNTO DE ACCESO ADICIONAL DE MATERIA--NOMBRE GEOGRÁFICO
Nombre geográfico Murcia-
Subdivisión general Historia.
9 (RLIN) 9094
700 1# - ENTRADA AGREGADA--NOMBRE PERSONAL
Nombre de persona Gómez y Olmos, Miguel.
9 (RLIN) 58193
852 ## - LOCALIZACIÓN
Ubicación ES-MaACL
Número de control de estantería G-5010
Holdings
Estatus retirado Estado de pérdida Estado de daño No para préstamo Colección Biblioteca de origen Biblioteca actual Ubicación en estantería Fecha de adquisición Fuente de adquisición Total de préstamos Signatura topográfica completa Código de barras Visto por última vez Precio de reemplazo Tipo de ítem Koha
        Libros del s. XIX Biblioteca del Ateneo de Madrid Biblioteca del Ateneo de Madrid Depósito 2 17/01/2008     G-5010 1043260 23/02/2023 23/02/2023 Libro impreso antiguo